000 00976nam a2200289Ia 4500
003 GCL
008 140319s9999 xx 000 0 ara d
020 _a0229270977
040 _aGCL /
_cGCL
082 0 4 _aق
_b808.8222
_bا م
100 1 _aاحمد سخسوخ
245 1 0 _aالمسرح المصرى في مفترق الطرق :
_bرؤية جديدة /
_cاحمد سخسوخ
260 _aبيروت :
_bالدار المصرية اللبنانية ،
_c1995
300 _a236 ص ؛
_c22 سم
490 _a
650 0 4 _aمصر
650 0 4 _aالاحوال الاجتماعية
650 0 4 _aالاحوال السياسية
650 0 4 _aالمسرحيات
650 0 4 _aالتاريخ الاسلامى
650 0 4 _aالاحوال الاقتصادية
650 0 4 _aالحضارة الاسلامية
650 0 4 _aالمسرح المصرى
650 0 4 _aالمسرحيات - تاريخ ونقد
650 0 4 _aالمسرح - نقد
942 _2ddc
_cBK
999 _c36566
_d36566